Рентгенофазовое исследование гидролизного гипса и твердых продуктов его разложения; Химия и химическая технология древесины; Вып. 2

Detalles Bibliográficos
Parent link:Химия и химическая технология древесины: межвузовский сборник научных трудов/ Сибирский технологический институт (СибТИ).— , 1973-1977
Вып. 2.— 1974.— С. 96-101
Autor principal: Тарасов В. М.
Otros Autores: Уткин Г. К., Скорняков Н. Н.
Lenguaje:ruso
Publicado: 1974
Formato: MixedMaterials Capítulo de libro
KOHA link:https://koha.lib.tpu.ru/cgi-bin/koha/opac-detail.pl?biblionumber=205833

MARC

LEADER 00000naa2a2200000 4500
001 205833
005 20231031190545.0
035 |a (RuTPU)RU\TPU\book\224328 
035 |a RU\TPU\book\224317 
090 |a 205833 
100 |a 20111215d1974 k y0rusy50 ca 
101 0 |a rus 
102 |a RU 
200 1 |a Рентгенофазовое исследование гидролизного гипса и твердых продуктов его разложения  |f В. М. Тарасов, Г. К. Уткин, Н. Н. Скорняков 
320 |a Библиогр.: с. 101 (7 назв.) 
461 0 |0 (RuTPU)RU\TPU\book\136931  |t Химия и химическая технология древесины  |o межвузовский сборник научных трудов  |f Сибирский технологический институт (СибТИ)  |d 1973-1977 
463 0 |0 (RuTPU)RU\TPU\book\224263  |t Вып. 2  |v С. 96-101  |d 1974  |p 150 с. 
700 1 |a Тарасов  |b В. М. 
701 1 |a Уткин  |b Г. К. 
701 1 |a Скорняков  |b Н. Н. 
801 1 |a RU  |b 63413507  |c 20111214 
801 2 |a RU  |b 63413507  |c 20111215  |g RCR 
942 |c BK